01421nam a22003137a 45000010005000000030006000050050017000110080041000280200017000690400029000860820010001151000020001252450131001452500039002762600043003153000048003584900045004065050008004515200326004595210029007855210020008146500032008346500026008666500028008927000030009209420015009509990015009659520127009809939FISKH20260318122533.0260318b cb ||||| |||| 00| 0 eng d a054335002253 aFISKHbengcFISKHdFISKH a513.2 aMerttens , Ruth aNumbers , time and money :bA workbook on subtraction time , money and measurement /cRuth Merttens : Illustrated by Alan Snow aFirst Fantail Printing June , 1989 aLondon : bPenguin Books Ltd ,c1987 . a23 pages : bcolor illustrations ;c24 cm . aThe Parent and Child Program vWorkbook  aG  aThis workbook is designed to help young children learn basic math skills together with a parent. It focuses on: Numbers and counting Understanding time (days, hours, telling time) Money skills (coins, simple values) The book uses activities and exercises so children can learn by doing, often with help from an adult.8 a400 bLexile estimate 8 aG bRaz-Plus  aTeaching toolsvNon-fiction aWorkbookvNon-fiction aHomeschoolvNon-fiction aSnow , AlaneIllustrator  2ddccBKn0 c9939d9939 00102ddc40708NFICa002b002cTTP Dark Blued2026-03-18l0oMER 513.2pFISBK072629r2026-03-18 12:25:29w2026-03-18yBK